| 000 | 00854nam a22002297a 4500 | ||
|---|---|---|---|
| 999 |
_c1983 _d1983 |
||
| 003 | AR-CdUCM | ||
| 008 | 190228b ||||| |||| 00| 0 spa d | ||
| 040 |
_aMUNICIPALIDAD PROVINCIAL DEL CUSCO _cBIBLIOTECA MUNICIPAL DEL CUSCO |
||
| 082 |
_a272.2 / _bT42 |
||
| 100 |
_aTestas, Guy _97227 |
||
| 245 | _aLa inquisición / | ||
| 260 |
_aBarcelona : _bOikos-Tau, _c1970. |
||
| 300 |
_a126 páginas ; _c18 cm. |
||
| 440 |
_a¿Qué sé? _n8 _97228 |
||
| 505 | _aContenido : Los orígenes de la inquisicíon -- La inquisicíon en Europa -- El procedimiento inquisitorial -- La inquisicíon española -- La inquisicíon en la América española. | ||
| 650 |
_aInquisición América Latina _97229 |
||
| 650 |
_aInquisición Historia _97230 |
||
| 650 |
_aInquisición España _97231 |
||
| 700 |
_aTestas, Jean _97232 |
||
| 942 |
_2ddc _cLIBROS |
||
| 945 | _azta | ||